Normal view
MARC view
Entry Nombre personal
001 - NÚMERO DE CONTROL
- campo de control: 20967
003 - IDENTIFICADOR DEL NÚMERO DE CONTROL
- campo de control: BNPHU
005 - FECHA Y HORA DE LA ÚLTIMA TRANSACCIÓN
- campo de control: 20250204085707.0
008 - DATOS DE LONGITUD FIJA
- campo de control de longitud fija: 200615|| aca||aabn | a|a d
040 ## - FUENTE DE LA CATALOGACIÓN
- Centro catalogador/agencia de origen: DO-SdBNP
- Lengua de catalogación: spa
- Centro/agencia transcriptor: BNPHU
- Normas de descripción: rda
046 ## - FECHAS CON CODIFICACIÓN ESPECIAL
- Fecha de nacimiento: 1956-
100 1# - ENCABEZAMIENTO-NOMBRE DE PERSONA
- Nombre de persona: Fernández Mirabal, Jaime David
- Fechas asociadas al nombre: 1956-
370 ## - LUGAR ASOCIADO
- Lugar de nacimiento: Ojo de Agua, 15 de octubre de 1956 en el municipio de Salcedo (República Dominicana)
372 ## - CAMPO DE ACTIVIDAD
- Campo de actividad: Psiquiatra
- Campo de actividad: Agrónomo
- Campo de actividad: Político
374 ## - OCUPACIÓN
- Ocupación: Ministro de Deportes - 16 de agosto de 2012-29 de agosto de 2016
- Ocupación: Ministro de Medio Ambiente y Recursos Naturales - 16 de agosto de 2008-16 de agosto de 2012
- Ocupación: 68.º Vicepresidente de la República Dominicana - 16 de agosto de 1996-16 de agosto de 2000
- Ocupación: Senador de la República Dominicana por Salcedo - 16 de agosto de 1990-16 de agosto de 1996
375 ## - GÉNERO/SEXO
- Género/Sexo: Masculino
377 ## - LENGUA/LENGUAJE ASOCIADO
- Código del idioma: spa
- Término de lengua/lenguaje: Español
400 1# - TRAZADO DE VÉASE--NOMBRE DE PERSONA
- Nombre de persona: F. Mirabal, Jaime David,
- Fechas asociadas al nombre: 1956-
670 ## - FUENTE DE DATOS ENCONTRADOS
- Cita de la fuente: Work cat.: (OSt)7333: Díaz, José 9448, Rumbo al Pico Duarte / :, 1997.
670 ## - FUENTE DE DATOS ENCONTRADOS
- Identificador Uniforme del Recurso: https://es.wikipedia.org/wiki/Jaime_David_Fern%C3%A1ndez_Mirabal Consultado en 04 de febrero, 2025
